Normal view
MARC view
- MS-ELECT-2016 MSTHESIS
Entry Topical Term
001 - CONTROL NUMBER
- control field: 69709
003 - CONTROL NUMBER IDENTIFIER
- control field: NUST
005 - DATE AND TIME OF LATEST TRANSACTION
- control field: 20210628204259.0
008 - FIXED-LENGTH DATA ELEMENTS
- fixed length control field: 210628|| aca||aabn | a|a d
040 ## - CATALOGING SOURCE
- Original cataloging agency: NUST
- Transcribing agency: NUST
150 ## - HEADING--TOPICAL TERM
- Topical term or geographic name entry element: MS-ELECT-2016 MSTHESIS
670 ## - SOURCE DATA FOUND
- Source citation: Work cat.: (NUST): Ayesha Akhtar 69708, TH-SOF-1608-Design and Simulation of MEMS Based Varactor with High Tunability for Digital Communication Systems, 2018
